[Event "DEM U12 2025"]
[Site "Willingen GER"]
[Date "2025.06.11"]
[Round "5"]
[White "Aliyev, Amil"]
[Black "Geschke, Jonathan"]
[Result "0-1"]
[Termination "normal"]
[Board "23"]
[WhiteElo "1664"]
[BlackElo "1667"]
[WhiteClock "00:00:50"]
[BlackClock "00:01:09"]
[PlyCount "164"]
[WhiteFideId "34687270"]
[BlackFideId "34636129"]
[EventCountry "GER"]
[EventRounds "9"]
[EventType "swiss"]
[EventDate "2025.06.07"]

1. d4 {[%clk 01:30:59]} {[%emt 00:00:02]} c5 {[%clk 01:30:56]} {[%emt
00:00:05]} 2. e3 {[%clk 01:30:05]} {[%emt 00:01:23]} Nf6 {[%clk 01:29:52]}
{[%emt 00:01:34]} 3. c4 {[%clk 01:28:46]} {[%emt 00:01:49]} e6 {[%clk
01:29:28]} {[%emt 00:00:54]} 4. Nc3 {[%clk 01:26:43]} {[%emt 00:02:33]} Be7
{[%clk 01:27:20]} {[%emt 00:02:38]} 5. Nf3 {[%clk 01:26:43]} {[%emt 00:00:29]}
O-O {[%clk 01:27:18]} {[%emt 00:00:32]} 6. Bd3 {[%clk 01:26:46]} {[%emt
00:00:27]} b6 {[%clk 01:23:34]} {[%emt 00:04:14]} 7. O-O {[%clk 01:23:35]}
{[%emt 00:03:42]} Bb7 {[%clk 01:21:24]} {[%emt 00:02:39]} 8. b3 {[%clk
01:18:41]} {[%emt 00:05:24]} a6 {[%clk 01:18:01]} {[%emt 00:03:52]} 9. Bb2
{[%clk 01:11:01]} {[%emt 00:08:10]} Qc7 {[%clk 01:14:40]} {[%emt 00:03:50]} 10.
Qe2 {[%clk 01:06:06]} {[%emt 00:05:25]} Ng4 {[%clk 01:10:11]} {[%emt 00:04:59]}
11. Be4 {[%clk 00:42:12]} {[%emt 00:24:26]} Bxe4 {[%clk 01:06:29]} {[%emt
00:04:11]} 12. Nxe4 {[%clk 00:42:19]} {[%emt 00:00:23]} f5 {[%clk 01:06:35]}
{[%emt 00:00:25]} 13. Ng3 {[%clk 00:27:01]} {[%emt 00:15:48]} Nc6 {[%clk
00:58:22]} {[%emt 00:08:42]} 14. Rad1 {[%clk 00:17:07]} {[%emt 00:10:24]} Rae8
{[%clk 00:50:20]} {[%emt 00:08:34]} 15. Rd2 {[%clk 00:13:14]} {[%emt 00:04:23]}
Nf6 {[%clk 00:48:18]} {[%emt 00:02:33]} 16. Rfd1 {[%clk 00:05:31]} {[%emt
00:08:13]} Bd6 {[%clk 00:38:09]} {[%emt 00:10:38]} 17. dxc5 {[%clk 00:03:02]}
{[%emt 00:03:01]} Bxg3 {[%clk 00:34:55]} {[%emt 00:03:43]} 18. cxb6 {[%clk
00:01:58]} {[%emt 00:01:34]} Qxb6 {[%clk 00:32:39]} {[%emt 00:02:45]} 19. hxg3
{[%clk 00:01:54]} {[%emt 00:00:35]} Nb8 {[%clk 00:31:26]} {[%emt 00:01:44]} 20.
Bxf6 {[%clk 00:00:52]} {[%emt 00:01:32]} gxf6 {[%clk 00:31:16]} {[%emt
00:00:40]} 21. e4 {[%clk 00:00:39]} {[%emt 00:00:42]} fxe4 {[%clk 00:30:04]}
{[%emt 00:01:42]} 22. Qxe4 {[%clk 00:00:47]} {[%emt 00:00:22]} Re7 {[%clk
00:28:57]} {[%emt 00:01:38]} 23. Rd6 {[%clk 00:00:34]} {[%emt 00:00:43]} Qa5
{[%clk 00:28:25]} {[%emt 00:00:59]} 24. R1d2 {[%clk 00:00:33]} {[%emt
00:00:33]} Rff7 {[%clk 00:27:24]} {[%emt 00:01:30]} 25. Qb7 {[%clk 00:00:33]}
{[%emt 00:00:31]} Rf8 {[%clk 00:25:16]} {[%emt 00:02:39]} 26. a4 {[%clk
00:00:32]} {[%emt 00:00:31]} Qf5 {[%clk 00:24:31]} {[%emt 00:01:13]} 27. Qb4
{[%clk 00:00:35]} {[%emt 00:00:29]} Rg7 {[%clk 00:24:33]} {[%emt 00:00:28]} 28.
R6d4 {[%clk 00:00:34]} {[%emt 00:00:31]} Nc6 {[%clk 00:24:09]} {[%emt
00:00:53]} 29. Qc3 {[%clk 00:00:33]} {[%emt 00:00:32]} Nxd4 {[%clk 00:24:32]}
{[%emt 00:00:07]} 30. Rxd4 {[%clk 00:00:53]} {[%emt 00:00:09]} Qb1+ {[%clk
00:24:16]} {[%emt 00:00:46]} 31. Kh2 {[%clk 00:01:05]} {[%emt 00:00:18]} Rb8
{[%clk 00:23:30]} {[%emt 00:01:16]} 32. Nd2 {[%clk 00:00:47]} {[%emt 00:00:49]}
Qf5 {[%clk 00:21:13]} {[%emt 00:02:46]} 33. b4 {[%clk 00:00:34]} {[%emt
00:00:44]} e5 {[%clk 00:17:55]} {[%emt 00:03:47]} 34. Rd6 {[%clk 00:00:35]}
{[%emt 00:00:29]} Qh5+ {[%clk 00:16:46]} {[%emt 00:01:39]} 35. Kg1 {[%clk
00:00:49]} {[%emt 00:00:17]} Qd1+ {[%clk 00:16:53]} {[%emt 00:00:20]} 36. Kh2
{[%clk 00:01:11]} {[%emt 00:00:10]} Rg5 {[%clk 00:14:48]} {[%emt 00:02:34]} 37.
g4 {[%clk 00:00:45]} {[%emt 00:00:58]} Qxg4 {[%clk 00:12:09]} {[%emt 00:03:08]}
38. Qf3 {[%clk 00:00:32]} {[%emt 00:00:43]} Qh4+ {[%clk 00:10:44]} {[%emt
00:01:54]} 39. Kg1 {[%clk 00:00:38]} {[%emt 00:00:26]} Rh5 {[%clk 00:03:36]}
{[%emt 00:07:38]} 40. Kf1 {[%clk 00:00:34]} {[%emt 00:00:34]} Qh1+ {[%clk
00:01:09]} {[%emt 00:02:56]} 41. Ke2 {[%clk 00:00:50]} {[%emt 00:00:14]} Rh6
{[%clk 00:24:58]} {[%emt 00:06:11]} 42. Rxd7 {[%clk 00:15:28]} {[%emt
00:15:52]} Qh5 {[%clk 00:22:59]} {[%emt 00:02:59]} 43. Qxh5 {[%clk 00:08:42]}
{[%emt 00:07:16]} Rxh5 {[%clk 00:23:20]} {[%emt 00:00:10]} 44. c5 {[%clk
00:06:24]} {[%emt 00:02:47]} Rh4 {[%clk 00:19:21]} {[%emt 00:04:27]} 45. Nb3
{[%clk 00:01:18]} {[%emt 00:05:38]} Rhxb4 {[%clk 00:13:37]} {[%emt 00:06:13]}
46. c6 {[%clk 00:00:56]} {[%emt 00:00:52]} Rxb3 {[%clk 00:11:49]} {[%emt
00:02:18]} 47. c7 {[%clk 00:01:02]} {[%emt 00:00:24]} Rf8 {[%clk 00:11:42]}
{[%emt 00:00:36]} 48. Kd2 {[%clk 00:00:43]} {[%emt 00:00:51]} Rb4 {[%clk
00:11:18]} {[%emt 00:00:53]} 49. Kc3 {[%clk 00:00:45]} {[%emt 00:00:29]} Rd4
{[%clk 00:10:21]} {[%emt 00:01:25]} 50. Re7 {[%clk 00:01:08]} {[%emt 00:00:09]}
Rg4 {[%clk 00:08:38]} {[%emt 00:02:11]} 51. Re6 {[%clk 00:00:46]} {[%emt
00:00:54]} Rxg2 {[%clk 00:05:36]} {[%emt 00:03:30]} 52. Rc6 {[%clk 00:00:35]}
{[%emt 00:00:43]} Rc8 {[%clk 00:05:36]} {[%emt 00:00:29]} 53. Kd3 {[%clk
00:00:46]} {[%emt 00:00:20]} Rg7 {[%clk 00:04:18]} {[%emt 00:01:48]} 54. Rxf6
{[%clk 00:00:43]} {[%emt 00:00:33]} Rcxc7 {[%clk 00:04:40]} {[%emt 00:00:09]}
55. Rxa6 {[%clk 00:01:08]} {[%emt 00:00:05]} Ra7 {[%clk 00:04:41]} {[%emt
00:00:29]} 56. Re6 {[%emt 00:00:35]} Rge7 {[%clk 00:04:52]} 57. Rc6 {[%clk
00:00:56]} {[%emt 00:00:57]} Rxa4 {[%clk 00:05:03]} {[%emt 00:00:19]} 58. Ke3
{[%clk 00:00:55]} {[%emt 00:00:31]} Rf7 {[%clk 00:04:08]} {[%emt 00:01:25]} 59.
Re6 {[%clk 00:00:55]} {[%emt 00:00:30]} Rf5 {[%clk 00:04:22]} {[%emt 00:00:16]}
60. Rb6 {[%clk 00:00:46]} {[%emt 00:00:40]} Raf4 {[%clk 00:04:09]} {[%emt
00:00:41]} 61. Rb7 {[%clk 00:00:34]} {[%emt 00:00:42]} Rxf2 {[%clk 00:04:16]}
{[%emt 00:00:23]} 62. Ke4 {[%clk 00:00:53]} {[%emt 00:00:12]} R2f4+ {[%clk
00:04:33]} {[%emt 00:00:12]} 63. Ke3 {[%clk 00:01:08]} {[%emt 00:00:15]} Rf7
{[%clk 00:04:26]} {[%emt 00:00:37]} 64. Rb5 {[%clk 00:01:07]} {[%emt 00:00:32]}
R4f5 {[%clk 00:04:34]} {[%emt 00:00:20]} 65. Ke4 {[%clk 00:01:17]} {[%emt
00:00:21]} Kg7 {[%clk 00:04:54]} {[%emt 00:00:10]} 66. Rb6 {[%clk 00:01:30]}
{[%emt 00:00:17]} R7f6 {[%clk 00:05:01]} {[%emt 00:00:23]} 67. Rb1 {[%clk
00:01:30]} {[%emt 00:00:31]} h5 {[%clk 00:04:42]} {[%emt 00:00:47]} 68. Rg1+
{[%clk 00:01:44]} {[%emt 00:00:17]} Kh6 {[%clk 00:04:13]} {[%emt 00:00:59]} 69.
Rh1 {[%clk 00:01:55]} {[%emt 00:00:18]} Rg5 {[%clk 00:04:13]} {[%emt 00:00:30]}
70. Rh2 {[%clk 00:02:09]} {[%emt 00:00:17]} Rf4+ {[%clk 00:04:35]} {[%emt
00:00:08]} 71. Ke3 {[%clk 00:02:24]} {[%emt 00:00:16]} h4 {[%clk 00:04:42]}
{[%emt 00:00:21]} 72. Ke2 {[%clk 00:02:36]} {[%emt 00:00:19]} Kh5 {[%clk
00:04:44]} {[%emt 00:00:27]} 73. Ke3 {[%clk 00:03:00]} {[%emt 00:00:07]} Rg3+
{[%clk 00:05:09]} {[%emt 00:00:05]} 74. Ke2 {[%clk 00:03:25]} {[%emt 00:00:05]}
h3 {[%clk 00:04:56]} {[%emt 00:00:43]} 75. Ke1 {[%clk 00:03:14]} {[%emt
00:00:42]} Kg4 {[%clk 00:05:08]} {[%emt 00:00:17]} 76. Ra2 {[%clk 00:03:25]}
{[%emt 00:00:20]} Rg1+ {[%clk 00:05:14]} {[%emt 00:00:18]} 77. Ke2 {[%clk
00:03:40]} {[%emt 00:00:21]} Rg2+ {[%clk 00:05:37]} {[%emt 00:00:07]} 78. Ke3
{[%clk 00:03:48]} {[%emt 00:00:22]} Rxa2 {[%clk 00:05:55]} {[%emt 00:00:12]}
79. Kd3 {[%clk 00:04:10]} {[%emt 00:00:09]} Ra3+ {[%clk 00:06:14]} {[%emt
00:00:10]} 80. Ke2 {[%clk 00:04:21]} {[%emt 00:00:20]} h2 {[%clk 00:06:21]}
{[%emt 00:00:21]} 81. Kd2 {[%clk 00:04:29]} {[%emt 00:00:24]} h1=Q {[%clk
00:06:13]} {[%emt 00:00:17]} 82. Kc2 {[%clk 00:04:38]} {[%emt 00:00:42]} Rf2#
{[%clk 00:06:33]} {[%emt 00:00:10]} 0-1

[Event "DEM U12 2025"]
[Site "Willingen GER"]
[Date "2025.06.11"]
[Round "5"]
[White "Tran, Nhat Nam"]
[Black "Boroshnev, Dmytro"]
[Result "0-1"]
[Termination "normal"]
[Board "24"]
[WhiteElo "1341"]
[BlackElo "1707"]
[WhiteClock "00:07:11"]
[BlackClock "00:59:54"]
[PlyCount "114"]
[WhiteFideId "34692193"]
[BlackFideId "34163611"]
[EventCountry "GER"]
[EventRounds "9"]
[EventType "swiss"]
[EventDate "2025.06.07"]

1. d4 {[%clk 01:30:57]} {[%emt 00:00:02]} Nf6 {[%clk 01:30:54]} {[%emt
00:00:05]} 2. Nf3 {[%clk 01:31:17]} {[%emt 00:00:11]} g6 {[%clk 01:31:11]}
{[%emt 00:00:12]} 3. g3 {[%clk 01:31:35]} {[%emt 00:00:14]} Bg7 {[%clk
01:31:26]} {[%emt 00:00:14]} 4. Bg2 {[%clk 01:31:52]} {[%emt 00:00:13]} O-O
{[%clk 01:31:16]} {[%emt 00:00:40]} 5. O-O {[%clk 01:32:07]} {[%emt 00:00:16]}
d6 {[%clk 01:31:28]} {[%emt 00:00:17]} 6. c4 {[%clk 01:32:21]} {[%emt
00:00:16]} Nbd7 {[%clk 01:30:57]} {[%emt 00:01:01]} 7. Nc3 {[%clk 01:32:22]}
{[%emt 00:00:31]} e5 {[%clk 01:30:15]} {[%emt 00:01:10]} 8. e4 {[%clk
01:31:03]} {[%emt 00:01:49]} Ne8 {[%clk 01:27:08]} {[%emt 00:03:37]} 9. Be3
{[%clk 01:21:39]} {[%emt 00:09:55]} c6 {[%clk 01:21:38]} {[%emt 00:05:59]} 10.
Qd2 {[%clk 01:18:22]} {[%emt 00:03:48]} f5 {[%clk 01:17:18]} {[%emt 00:04:51]}
11. exf5 {[%clk 00:54:03]} {[%emt 00:24:49]} gxf5 {[%clk 01:16:31]} {[%emt
00:01:16]} 12. dxe5 {[%clk 00:43:03]} {[%emt 00:11:30]} dxe5 {[%clk 01:15:28]}
{[%emt 00:01:34]} 13. Bh6 {[%clk 00:30:24]} {[%emt 00:13:09]} Qf6 {[%clk
01:12:12]} {[%emt 00:03:44]} 14. Bxg7 {[%clk 00:28:21]} {[%emt 00:02:35]} Nxg7
{[%clk 01:12:20]} {[%emt 00:00:23]} 15. Qg5 {[%clk 00:16:37]} {[%emt 00:12:13]}
Qxg5 {[%clk 01:07:37]} {[%emt 00:05:13]} 16. Nxg5 {[%clk 00:16:50]} {[%emt
00:00:18]} Re8 {[%clk 01:07:45]} {[%emt 00:00:21]} 17. Nf3 {[%clk 00:16:02]}
{[%emt 00:01:19]} Kf7 {[%clk 01:06:37]} {[%emt 00:01:36]} 18. Rfe1 {[%clk
00:15:29]} {[%emt 00:01:04]} Kf6 {[%clk 01:04:27]} {[%emt 00:02:39]} 19. Rad1
{[%clk 00:14:58]} {[%emt 00:01:03]} h5 {[%clk 01:00:12]} {[%emt 00:04:43]} 20.
Rd6+ {[%clk 00:13:39]} {[%emt 00:01:50]} Re6 {[%clk 00:59:14]} {[%emt
00:01:30]} 21. Red1 {[%clk 00:10:53]} {[%emt 00:03:16]} Ke7 {[%clk 00:58:41]}
{[%emt 00:01:03]} 22. Rxe6+ {[%clk 00:10:26]} {[%emt 00:00:57]} Nxe6 {[%clk
00:58:50]} {[%emt 00:00:19]} 23. Nh4 {[%clk 00:09:47]} {[%emt 00:01:11]} Ng7
{[%clk 00:57:35]} {[%emt 00:01:45]} 24. Nf3 {[%clk 00:07:00]} {[%emt 00:03:17]}
e4 {[%clk 00:56:10]} {[%emt 00:01:54]} 25. Nd4 {[%clk 00:06:57]} {[%emt
00:00:33]} Ne5 {[%clk 00:54:16]} {[%emt 00:02:23]} 26. b3 {[%clk 00:06:03]}
{[%emt 00:01:25]} Be6 {[%clk 00:53:21]} {[%emt 00:01:25]} 27. Nxe6 {[%clk
00:04:15]} {[%emt 00:02:19]} Nxe6 {[%clk 00:51:33]} {[%emt 00:02:17]} 28. Kf1
{[%clk 00:04:13]} {[%emt 00:00:32]} Ng5 {[%clk 00:48:04]} {[%emt 00:03:58]} 29.
Ke2 {[%clk 00:04:03]} {[%emt 00:00:41]} h4 {[%clk 00:46:10]} {[%emt 00:02:23]}
30. Rd2 {[%clk 00:03:49]} {[%emt 00:00:45]} h3 {[%clk 00:46:12]} {[%emt
00:00:27]} 31. Bh1 {[%clk 00:03:21]} {[%emt 00:00:58]} Ngf3 {[%clk 00:44:34]}
{[%emt 00:02:08]} 32. Bxf3 {[%clk 00:03:06]} {[%emt 00:00:45]} Nxf3 {[%clk
00:44:57]} {[%emt 00:00:07]} 33. Rd1 {[%clk 00:03:24]} {[%emt 00:00:12]} Nxh2
{[%clk 00:43:40]} {[%emt 00:01:47]} 34. Rh1 {[%clk 00:03:36]} {[%emt 00:00:18]}
Nf3 {[%clk 00:44:04]} {[%emt 00:00:06]} 35. Ke3 {[%clk 00:03:28]} {[%emt
00:00:38]} Ng5 {[%clk 00:42:19]} {[%emt 00:02:15]} 36. Ne2 {[%clk 00:01:41]}
{[%emt 00:02:17]} Kf6 {[%clk 00:41:34]} {[%emt 00:01:14]} 37. Nf4 {[%clk
00:01:44]} {[%emt 00:00:28]} Rh8 {[%clk 00:41:22]} {[%emt 00:00:43]} 38. Ke2
{[%clk 00:01:31]} {[%emt 00:00:44]} Rh6 {[%clk 00:41:11]} {[%emt 00:00:40]} 39.
Kf1 {[%clk 00:01:24]} {[%emt 00:00:37]} Ke5 {[%clk 00:40:32]} {[%emt 00:01:08]}
40. Ke2 {[%clk 00:01:26]} {[%emt 00:00:28]} Nf3 {[%clk 00:39:48]} {[%emt
00:01:14]} 41. Ke3 {[%clk 00:00:36]} {[%emt 00:01:21]} h2 {[%clk 00:39:54]}
{[%emt 00:00:24]} 42. Ne2 {[%clk 00:29:20]} {[%emt 00:01:45]} Rd6 {[%clk
01:09:14]} {[%emt 00:01:10]} 43. Nf4 {[%clk 00:25:01]} {[%emt 00:04:49]} Kf6
{[%clk 01:07:13]} {[%emt 00:02:30]} 44. Nh5+ {[%clk 00:14:50]} {[%emt
00:10:41]} Kg5 {[%emt 00:03:19]} 45. Nf4 {[%clk 00:14:40]} {[%emt 00:00:02]}
Kg4 {[%clk 01:05:02]} {[%emt 00:00:31]} 46. a3 {[%clk 00:12:56]} {[%emt
00:02:14]} b5 {[%clk 00:59:32]} {[%emt 00:06:01]} 47. cxb5 {[%clk 00:07:42]}
{[%emt 00:05:43]} cxb5 {[%clk 00:59:54]} {[%emt 00:00:10]} 48. a4 {[%clk
00:07:11]} {[%emt 00:01:00]} b4 {[%clk 01:00:13]} {[%emt 00:00:11]} 49. Ng2
{[%clk 00:05:50]} {[%emt 00:01:51]} Rd3+ {[%clk 01:00:02]} {[%emt 00:00:41]}
50. Ke2 {[%clk 00:05:40]} {[%emt 00:00:39]} Rd2+ {[%clk 00:59:29]} {[%emt
00:01:03]} 51. Ke3 {[%clk 00:05:08]} {[%emt 00:01:01]} Rb2 {[%clk 00:59:22]}
{[%emt 00:00:38]} 52. Nh4 {[%clk 00:05:12]} {[%emt 00:00:25]} Rxb3+ {[%clk
00:59:37]} {[%emt 00:00:16]} 53. Ke2 {[%clk 00:05:29]} {[%emt 00:00:11]} Nxh4
{[%clk 00:59:24]} {[%emt 00:00:44]} 54. gxh4 {[%clk 00:05:47]} {[%emt
00:00:13]} Kh3 {[%clk 00:59:46]} {[%emt 00:00:09]} 55. h5 {[%clk 00:05:58]}
{[%emt 00:00:18]} Kg2 {[%clk 01:00:09]} {[%emt 00:00:07]} 56. h6 {[%clk
00:05:58]} {[%emt 00:00:30]} Kxh1 {[%clk 01:00:30]} {[%emt 00:00:10]} 57. h7
{[%clk 00:06:14]} {[%emt 00:00:14]} Rh3 {[%clk 01:00:48]} {[%emt 00:00:12]} 0-1

[Event "DEM U12 2025"]
[Site "Willingen GER"]
[Date "2025.06.11"]
[Round "5"]
[White "Fattori Dittmar, Luca"]
[Black "Prashanthakumar, Arnesh"]
[Result "1-0"]
[Termination "normal"]
[Board "25"]
[WhiteElo "1671"]
[BlackElo "1564"]
[WhiteClock "01:27:55"]
[BlackClock "00:20:19"]
[PlyCount "95"]
[WhiteFideId "34678883"]
[BlackFideId "34604073"]
[EventCountry "GER"]
[EventRounds "9"]
[EventType "swiss"]
[EventDate "2025.06.07"]

1. d4 {[%clk 01:30:58]} {[%emt 00:00:02]} d5 {[%clk 01:30:49]} {[%emt
00:00:11]} 2. Nf3 {[%clk 01:31:21]} {[%emt 00:00:07]} e6 {[%clk 01:31:11]}
{[%emt 00:00:08]} 3. e3 {[%clk 01:31:46]} {[%emt 00:00:05]} Nf6 {[%clk
01:31:29]} {[%emt 00:00:11]} 4. Bd3 {[%clk 01:32:12]} {[%emt 00:00:05]} b6
{[%clk 01:31:29]} {[%emt 00:00:29]} 5. b3 {[%clk 01:32:24]} {[%emt 00:00:19]}
Be7 {[%clk 01:31:29]} {[%emt 00:00:30]} 6. Bb2 {[%clk 01:32:48]} {[%emt
00:00:06]} Bb7 {[%clk 01:31:23]} {[%emt 00:00:37]} 7. Nbd2 {[%clk 01:33:04]}
{[%emt 00:00:14]} Nbd7 {[%clk 01:31:15]} {[%emt 00:00:37]} 8. O-O {[%clk
01:33:24]} {[%emt 00:00:10]} O-O {[%clk 01:31:00]} {[%emt 00:00:44]} 9. Ne5
{[%clk 01:33:36]} {[%emt 00:00:19]} Ne4 {[%clk 01:26:15]} {[%emt 00:05:15]} 10.
f4 {[%clk 01:31:15]} {[%emt 00:02:52]} f5 {[%clk 01:14:41]} {[%emt 00:12:04]}
11. c4 {[%clk 01:29:45]} {[%emt 00:01:59]} Ndf6 {[%clk 01:06:45]} {[%emt
00:08:25]} 12. Rc1 {[%clk 01:28:57]} {[%emt 00:01:18]} c5 {[%clk 01:01:02]}
{[%emt 00:06:13]} 13. cxd5 {[%clk 01:27:20]} {[%emt 00:02:08]} exd5 {[%clk
00:59:48]} {[%emt 00:01:44]} 14. Bxe4 {[%clk 01:26:57]} {[%emt 00:00:53]} Nxe4
{[%clk 00:55:24]} {[%emt 00:04:54]} 15. Nxe4 {[%clk 01:26:12]} {[%emt
00:01:15]} dxe4 {[%clk 00:46:16]} {[%emt 00:09:37]} 16. Qe2 {[%clk 01:25:31]}
{[%emt 00:01:11]} a5 {[%clk 00:31:00]} {[%emt 00:15:46]} 17. Rfd1 {[%clk
01:23:17]} {[%emt 00:02:43]} Ba6 {[%emt 00:06:13]} 18. Qe1 {[%clk 01:22:48]}
{[%emt 00:00:53]} Qe8 {[%clk 00:24:32]} {[%emt 00:01:20]} 19. d5 {[%clk
01:19:42]} {[%emt 00:03:37]} Bd6 {[%clk 00:19:49]} {[%emt 00:05:13]} 20. Qc3
{[%clk 01:19:26]} {[%emt 00:00:46]} Qe7 {[%clk 00:15:13]} {[%emt 00:05:06]} 21.
Nc6 {[%clk 01:17:55]} {[%emt 00:02:02]} Qd7 {[%clk 00:14:56]} {[%emt 00:00:46]}
22. Qd2 {[%clk 01:17:38]} {[%emt 00:00:47]} Rac8 {[%clk 00:12:12]} {[%emt
00:03:14]} 23. Be5 {[%clk 01:17:42]} {[%emt 00:00:26]} Bd3 {[%clk 00:10:44]}
{[%emt 00:01:59]} 24. Qc3 {[%clk 01:17:20]} {[%emt 00:00:52]} Rc7 {[%clk
00:08:51]} {[%emt 00:02:23]} 25. Bxd6 {[%clk 01:15:29]} {[%emt 00:02:21]} Qxd6
{[%clk 00:08:56]} {[%emt 00:00:24]} 26. Ne5 {[%clk 01:15:32]} {[%emt 00:00:29]}
Ba6 {[%clk 00:07:33]} {[%emt 00:01:53]} 27. Nc4 {[%clk 01:15:41]} {[%emt
00:00:20]} Bxc4 {[%clk 00:07:13]} {[%emt 00:00:49]} 28. bxc4 {[%clk 01:16:06]}
{[%emt 00:00:04]} Re8 {[%clk 00:07:02]} {[%emt 00:00:42]} 29. Rb1 {[%clk
01:15:50]} {[%emt 00:00:46]} Rb7 {[%clk 00:06:53]} {[%emt 00:00:41]} 30. Rb5
{[%clk 01:13:21]} {[%emt 00:02:59]} Rbb8 {[%clk 00:06:17]} {[%emt 00:01:05]}
31. Rdb1 {[%clk 01:13:25]} {[%emt 00:00:27]} Kf8 {[%clk 00:06:11]} {[%emt
00:00:36]} 32. a4 {[%clk 01:13:19]} {[%emt 00:00:36]} Re7 {[%clk 00:04:54]}
{[%emt 00:01:48]} 33. R1b3 {[%clk 01:13:35]} {[%emt 00:00:13]} Reb7 {[%clk
00:03:56]} {[%emt 00:01:28]} 34. Qb2 {[%clk 01:13:43]} {[%emt 00:00:21]} Qf6
{[%clk 00:03:31]} {[%emt 00:00:56]} 35. Qb1 {[%clk 01:12:49]} {[%emt 00:01:24]}
Ke7 {[%clk 00:02:19]} {[%emt 00:01:41]} 36. Rxc5 {[%clk 01:12:22]} {[%emt
00:00:58]} bxc5 {[%clk 00:01:28]} {[%emt 00:01:21]} 37. Rxb7+ {[%clk 01:12:45]}
{[%emt 00:00:07]} Rxb7 {[%clk 00:01:54]} {[%emt 00:00:04]} 38. Qxb7+ {[%clk
01:13:09]} {[%emt 00:00:06]} Kf8 {[%clk 00:01:45]} {[%emt 00:00:39]} 39. Qc8+
{[%clk 01:13:07]} {[%emt 00:00:31]} Kf7 {[%clk 00:01:26]} {[%emt 00:00:50]} 40.
Qc7+ {[%clk 01:12:51]} {[%emt 00:00:43]} Kg6 {[%clk 00:01:29]} {[%emt
00:00:30]} 41. Qxc5 {[%clk 01:12:43]} {[%emt 00:00:38]} Qa1+ {[%clk 00:01:14]}
{[%emt 00:00:44]} 42. Kf2 {[%clk 01:13:06]} {[%emt 00:00:08]} Qb2+ {[%clk
00:01:27]} {[%emt 00:00:17]} 43. Kg3 {[%clk 01:13:14]} {[%emt 00:00:22]} Qe2
{[%clk 00:01:12]} {[%emt 00:00:44]} 44. Qb6+ {[%clk 01:11:57]} {[%emt
00:01:47]} Kh5 {[%clk 00:00:35]} {[%emt 00:01:07]} 45. h3 {[%clk 01:10:49]}
{[%emt 00:01:38]} h6 {[%clk 00:22:59]} {[%emt 00:08:06]} 46. Kh2 {[%clk
01:34:50]} {[%emt 00:06:30]} g5 {[%clk 00:22:18]} {[%emt 00:01:11]} 47. fxg5
{[%clk 01:28:17]} {[%emt 00:07:03]} Qf2 {[%clk 00:20:19]} {[%emt 00:02:28]} 48.
Qxh6# {[%clk 01:27:55]} {[%emt 00:00:18]} 1-0

[Event "DEM U12 2025"]
[Site "Willingen GER"]
[Date "2025.06.11"]
[Round "5"]
[White "Döscher, Rasmus"]
[Black "Vilain, Philip"]
[Result "1/2-1/2"]
[Termination "normal"]
[Board "26"]
[WhiteElo "1569"]
[BlackElo "1791"]
[WhiteClock "00:27:05"]
[BlackClock "00:42:41"]
[PlyCount "52"]
[WhiteFideId "34625038"]
[BlackFideId "34662820"]
[EventCountry "GER"]
[EventRounds "9"]
[EventType "swiss"]
[EventDate "2025.06.07"]

1. e4 {[%clk 01:30:58]} {[%emt 00:00:02]} e6 {[%clk 01:30:37]} {[%emt
00:00:24]} 2. d4 {[%clk 01:31:18]} {[%emt 00:00:10]} d5 {[%clk 01:30:56]}
{[%emt 00:00:11]} 3. e5 {[%clk 01:31:39]} {[%emt 00:00:09]} c5 {[%clk
01:31:19]} {[%emt 00:00:07]} 4. c3 {[%clk 01:31:53]} {[%emt 00:00:16]} Nc6
{[%clk 01:31:41]} {[%emt 00:00:08]} 5. Nf3 {[%clk 01:31:44]} {[%emt 00:00:38]}
Qb6 {[%clk 01:31:59]} {[%emt 00:00:12]} 6. a3 {[%clk 01:31:45]} {[%emt
00:00:30]} a5 {[%clk 01:32:17]} {[%emt 00:00:12]} 7. Bd3 {[%clk 01:21:39]}
{[%emt 00:10:36]} Bd7 {[%clk 01:31:26]} {[%emt 00:01:20]} 8. Be2 {[%clk
01:16:11]} {[%emt 00:05:58]} Nh6 {[%clk 01:27:10]} {[%emt 00:04:45]} 9. O-O
{[%clk 01:09:23]} {[%emt 00:07:18]} cxd4 {[%clk 01:24:24]} {[%emt 00:03:16]}
10. cxd4 {[%clk 01:04:17]} {[%emt 00:05:38]} Nf5 {[%clk 01:23:22]} {[%emt
00:01:31]} 11. Be3 {[%clk 00:55:25]} {[%emt 00:09:24]} Qxb2 {[%clk 01:19:23]}
{[%emt 00:04:28]} 12. Nbd2 {[%clk 00:55:38]} {[%emt 00:00:16]} Nxe3 {[%clk
01:17:25]} {[%emt 00:02:28]} 13. fxe3 {[%clk 00:56:03]} {[%emt 00:00:06]} Qc3
{[%clk 01:16:48]} {[%emt 00:01:07]} 14. Kf2 {[%clk 00:51:09]} {[%emt 00:05:24]}
Bxa3 {[%clk 01:13:58]} {[%emt 00:03:20]} 15. Nb3 {[%clk 00:48:05]} {[%emt
00:03:32]} Be7 {[%clk 01:10:39]} {[%emt 00:03:46]} 16. Rc1 {[%clk 00:46:00]}
{[%emt 00:02:39]} Qb4 {[%clk 01:09:18]} {[%emt 00:01:51]} 17. Rb1 {[%clk
00:40:32]} {[%emt 00:05:58]} a4 {[%emt 00:11:12]} 18. Nc5 {[%clk 00:38:51]}
{[%emt 00:00:34]} Qa5 {[%clk 00:57:35]} {[%emt 00:03:08]} 19. Nxd7 {[%clk
00:37:10]} {[%emt 00:02:11]} Kxd7 {[%clk 00:56:44]} {[%emt 00:01:21]} 20. Rxb7+
{[%emt 00:03:09]} Kc8 {[%clk 00:54:00]} {[%emt 00:00:13]} 21. Rb5 {[%clk
00:33:17]} {[%emt 00:04:46]} Qa7 {[%clk 00:51:53]} {[%emt 00:02:37]} 22. Qc2
{[%clk 00:33:04]} {[%emt 00:00:43]} Kd7 {[%clk 00:50:11]} {[%emt 00:02:10]} 23.
Rfb1 {[%clk 00:32:23]} {[%emt 00:01:12]} Rhb8 {[%clk 00:47:03]} {[%emt
00:03:39]} 24. Rxb8 {[%clk 00:31:09]} {[%emt 00:01:43]} Nxb8 {[%clk 00:45:35]}
{[%emt 00:02:02]} 25. Bb5+ {[%clk 00:31:20]} {[%emt 00:00:19]} Kd8 {[%clk
00:45:34]} {[%emt 00:00:29]} 26. Bxa4 {[%clk 00:27:05]} {[%emt 00:04:46]} Nd7
{[%clk 00:42:41]} {[%emt 00:03:23]} 1/2-1/2